Taylor Swift - Paroles Welcome to New York - Statistiques

Statistiques générales
  • Ce quiz a été pris 104 fois
  • Le résultat moyen est 287 sur 347
Statistiques - réponses
Hint Réponse % Correct
New
100%
new
100%
(New
100%
(new
100%
to
100%
we
100%
Refrain Welcome
100%
welcome
100%
York,
100%
York
100%
York),
100%
I
99%
a
96%
you
96%
for
94%
been
93%
it
91%
it's
90%
It's
90%
the
90%
The
90%
(the
90%
waitin'
90%
And
88%
and
88%
so
87%
(so
87%
me,
85%
me
85%
me)
85%
girls
82%
Boys
81%
boys
81%
are
79%
they
76%
Couplet 2 When
76%
can
75%
want
73%
but
72%
But
72%
lights
72%
this
72%
bright,
70%
bright
70%
dance
70%
never
70%
Everybody
69%
here
69%
who
69%
before
67%
sound
67%
love,
66%
in
64%
beat,
63%
beat
63%
blind
63%
could
63%
Bridge Like
63%
any
61%
else
61%
is
60%
more
60%
on
60%
said
60%
someone
60%
somethin'
60%
soundtrack,
60%
soundtrack),
60%
anything,
57%
anything
57%
was
57%
heard
55%
wanted
55%
true
54%
Searchin'
52%
village
49%
Couplet 1 Walkin'
49%
of
48%
keeps
46%
our
46%
through
46%
crazy
45%
crowd,
45%
drives
45%
know
45%
bags
43%
change
43%
forevermore
43%
hadn't
43%
put
43%
them
43%
wouldn't
43%
first
42%
floors
42%
great
42%
guessing
42%
real
42%
apartment
39%
Took
39%
dropped
37%
aglow
36%
under
34%
drawer
33%
broken
31%
hearts,
31%
ever-changing
30%
loud
28%
coats
27%
heartbeats
25%
Kaleidoscope
22%
Aucun quiz correspondant
Distribution des résultats
% des personnes avec chaque résultat
Percentile par nombre de réponses
Votre historique - résultats
Vous n’avez pas pris ce quiz